| 000 | 01107nam2a22002531 4500 | ||
|---|---|---|---|
| 001 | rc\4020422 | ||
| 005 | 20130415131441.4 | ||
| 021 |
_aRU _b[56-15604] |
||
| 035 | _a(NLR Aleph) 008086209 | ||
| 090 |
_a9155073 _c9155073 |
||
| 100 | _a20130415d1954 |||y0rusy50 ca | ||
| 101 | 0 | _arus | |
| 102 | _aRU | ||
| 105 | _aa z ||||| | ||
| 200 | 0 |
_aТ. 2 _f[Сост. М.Ю. Каракоз] |
|
| 210 |
_aКиев _cГоссельхозиздат УССР _d1954 |
||
| 215 |
_a655 с. _cил. _d27 |
||
| 461 | 0 |
_1001rc\4020420 _12001#$aГосударственная племенная книга тонкорунных овец. Асканийской породы$fВступ. статья: акад. Л.К. Гребень, канд. с.-х. наук К.А. Бозриков, К.А. Летучев, "Тонкорунные овцы асканийской породы", с. 14-30$gМ-во сельского хозяйства УССР. Т. 1-$vТ. 2 |
|
| 702 | 1 |
_aКаракоз _bМ. Ю. _4220 |
|
| 801 | 0 |
_aRU _bNLR _gpsbo |
|
| 801 | 1 |
_aRU _bELAR _2rusmarc |
|
| 852 |
_aNLR _jС90 Г-7/46 |
||
| 942 | _cBOOK | ||
| 980 | _aNB | ||